000 01467nam0a22002771 4500
001 rc\3370494
005 20260407120834.0
021 _aRU
_b74-ОЭ-312/5
021 _aRU
_bРг986-75
035 _a(NLR Aleph) 007446911
090 _a7175013
_c7175013
100 _a20130115d1974 |||y0rusy50 ca
101 0 _arus
102 _aRU
105 _ay z |||||
200 1 _aТехническое задание на создание 1 очереди отраслевой автоматизированной системы управления системой высшего образования Латвийской ССР (АСУ ЛАТМИНВУЗ)
_fМ-во высш. и сред. спец. образ. ЛатвССР. Риж. политехн. ин-т
210 _aРига
_cБ. и.
_d1974
215 _a53 с.
_d20
320 _aБиблиогр.: с. 50
532 1 1 _aТехническое задание на создание первой очереди отраслевой автоматизированной системы управления системой высшего образования Латвийской ССР (АСУ ЛАТМИНВУЗ)
712 0 1 _aЛатвССР
_bМинистерство высшего и среднего специального образования
_9640234
_3RU\NLR\AUTH\8810069335
801 0 _aRU
_bNLR
_gpsbo
801 1 _aRU
_bELAR
_2rusmarc
852 _aNLR
_j74-4/28491
942 _cBOOK
980 _aNB